Aprendiendo matemática financiera y estadística con microsoft excel : guía visual /
Guardado en:
| Autor Principal: | |
|---|---|
| Otros Autores: | , |
| Formato: | Libro |
| Publicado: |
Buenos Aires :
Omicron System,
2004
|
| Series: | Aprendiendo
|
| Materias: | |
| Etiquetas: |
Agregar Etiqueta
Sin Etiquetas, Sea el primero en etiquetar este registro!
|
| LEADER | 01089nam a22002535a 4500 | ||
|---|---|---|---|
| 001 | CEM.cems012834 | ||
| 005 | 20080422101056.0 | ||
| 008 | 130507s2004##################000#0#####d | ||
| 003 | CEMS | ||
| 020 | |a 9871046359 | ||
| 082 | 0 | 4 | |a CD511.8 |
| 100 | 1 | |a Belliard, Matías J. | |
| 245 | 1 | 0 | |a Aprendiendo matemática financiera y estadística con microsoft excel : |b guía visual / |c Matías J. Belliard, Javier García Fronti, Alejandro A. Pazos |
| 260 | |a Buenos Aires : |b Omicron System, |c 2004 | ||
| 300 | |a 1 CD-ROM | ||
| 490 | 0 | |a Aprendiendo | |
| 500 | |a Memoria Ram mínima de 64 Mb, Microsoft Office 2000 o superior, Sistema operativo Windows 98 (2da. edición), Nt (versión 4,0), 2000 o superior | ||
| 505 | 0 | |a Ejercicios y problemas resueltos en Microsoft Excel -- Herramientas desarrolladas especialmente en Microsoft Excel -- Guía para docentes en Internet | |
| 653 | |a Matemática | ||
| 653 | |a Matemática financiera | ||
| 653 | |a Estadística | ||
| 700 | 1 | |a García Fronti, Javier | |
| 700 | 1 | |a Pazos, Alejandro A. | |
| 859 | |a CEMS |b BIB. CEMS - 11 de abril |h CD511.8 |i B419 |p 2125.44 |t Ej.1 | ||
